<?xml version="1.0" encoding="UTF-8"?>
<record
    xmlns:xsi="http://www.w3.org/2001/XMLSchema-instance"
    xsi:schemaLocation="http://www.loc.gov/MARC21/slim http://www.loc.gov/standards/marcxml/schema/MARC21slim.xsd"
    xmlns="http://www.loc.gov/MARC21/slim">

  <leader>01176nam a2200277 a 4500</leader>
  <controlfield tag="001">BRCA_8752</controlfield>
  <controlfield tag="005">20190321142930.0</controlfield>
  <controlfield tag="008">130317s2016----u--a######---#000-0#eng-#</controlfield>
  <datafield tag="020" ind1=" " ind2=" ">
    <subfield code="a">9781934491515</subfield>
  </datafield>
  <datafield tag="041" ind1=" " ind2=" ">
    <subfield code="a">eng</subfield>
    <subfield code="h">spa</subfield>
  </datafield>
  <datafield tag="044" ind1=" " ind2=" ">
    <subfield code="a">u</subfield>
  </datafield>
  <datafield tag="050" ind1=" " ind2="4">
    <subfield code="b">.M37 2016</subfield>
  </datafield>
  <datafield tag="100" ind1="1" ind2=" ">
    <subfield code="a">Mart&#xED;nez-D&#xE1;vila, Roger L.</subfield>
    <subfield code="9">21793</subfield>
  </datafield>
  <datafield tag="245" ind1="1" ind2="0">
    <subfield code="a">Fractured faiths</subfield>
    <subfield code="b">Spanish Judaism, the inquisition, and new world identities = Las fes fracturadas : el juda&#xED;smo espa&#xF1;ol, la inquisici&#xF3;n y identidades nuevo mundiales</subfield>
    <subfield code="c">Roger L. Mart&#xED;nez-D&#xE1;vila, Josef D&#xED;az, Ron D. Hart ; translations english-spanish Jerry Gurul&#xE9;, Enrique Lamadrid.</subfield>
  </datafield>
  <datafield tag="260" ind1=" " ind2=" ">
    <subfield code="a">Albuquerque, NM</subfield>
    <subfield code="b">Fresco Books : SF Design, llc</subfield>
    <subfield code="c">2016</subfield>
  </datafield>
  <datafield tag="300" ind1=" " ind2=" ">
    <subfield code="a">227 p.</subfield>
    <subfield code="b">il. (algunas a color)</subfield>
    <subfield code="c">31 cm.</subfield>
  </datafield>
  <datafield tag="500" ind1=" " ind2=" ">
    <subfield code="a">Incluye glosario de t&#xE9;rminos</subfield>
  </datafield>
  <datafield tag="504" ind1=" " ind2=" ">
    <subfield code="a">Bibliograf&#xED;a : p. 219-221</subfield>
  </datafield>
  <datafield tag="546" ind1=" " ind2=" ">
    <subfield code="a">Texto en : ingl&#xE9;s y espa&#xF1;ol</subfield>
  </datafield>
  <datafield tag="700" ind1="1" ind2=" ">
    <subfield code="a">D&#xED;az, Josef</subfield>
    <subfield code="e">coaut.</subfield>
    <subfield code="9">21794</subfield>
  </datafield>
  <datafield tag="700" ind1="1" ind2=" ">
    <subfield code="a">Hart, Ron D.</subfield>
    <subfield code="e">coaut.</subfield>
    <subfield code="9">21795</subfield>
  </datafield>
  <datafield tag="700" ind1="1" ind2=" ">
    <subfield code="a">Gurul&#xE9;, Jerry</subfield>
    <subfield code="e">tr.</subfield>
    <subfield code="9">21796</subfield>
  </datafield>
  <datafield tag="700" ind1="1" ind2=" ">
    <subfield code="a">Lamadrid, Enrique</subfield>
    <subfield code="e">tr.</subfield>
    <subfield code="9">21797</subfield>
  </datafield>
  <datafield tag="740" ind1="0" ind2=" ">
    <subfield code="a">Las fes fracturadas : el juda&#xED;smo espa&#xF1;ol, la inquisici&#xF3;n y identidades nuevo mundiales</subfield>
  </datafield>
  <datafield tag="942" ind1=" " ind2=" ">
    <subfield code="2">lcc</subfield>
    <subfield code="c">B</subfield>
  </datafield>
  <datafield tag="999" ind1=" " ind2=" ">
    <subfield code="c">8404</subfield>
    <subfield code="d">8404</subfield>
  </datafield>
  <datafield tag="952" ind1=" " ind2=" ">
    <subfield code="0">0</subfield>
    <subfield code="1">0</subfield>
    <subfield code="4">0</subfield>
    <subfield code="7">0</subfield>
    <subfield code="a">BRCA</subfield>
    <subfield code="b">BRCA</subfield>
    <subfield code="d">2017-03-10</subfield>
    <subfield code="l">0</subfield>
    <subfield code="o">.M37 2016</subfield>
    <subfield code="p">02942</subfield>
    <subfield code="r">2019-03-22 00:00:00</subfield>
    <subfield code="w">2019-03-22</subfield>
    <subfield code="y">B</subfield>
  </datafield>
</record>
